[Event "THE FAST & FURIOUS #5"]
[Site "SchemingMind.com"]
[Date "2015.07.01"]
[Round "-"]
[White "Phillip Beckett"]
[Black "Scooter"]
[Result "1-0"]
[WhiteCountry "ENG"]
[BlackCountry "USA"]
[WhiteElo "1589"]
[WhiteRD "49"]
[BlackElo "1712"]
[BlackRD "45"]
[GameID "382835"]

1. e4 c6 2. d4 d5 3. Nc3 dxe4 4. Nxe4 Bf5 5. Ng3 Bg6 6. c3 Nf6 7. Nf3 Nbd7 8. Bd3 Bxd3 9. Qxd3 e6 10. O-O Qc7
11. Bg5 Be7 12. Rad1 O-O 13. Qd2 Rad8 14. Bf4 Bd6 15. Bxd6 Qxd6 16. Rfe1 h6 17. Ne5 Nxe5 18. Rxe5 Ng4 19. Re4 Nf6 20. Re2 Rd7
21. Qe1 Rfd8 22. Ne4 Nxe4 23. Rxe4 c5 24. Qe3 cxd4 25. Rexd4 Qc6 26. Rxd7 Rxd7 27. Qe1 Rxd1 28. Qxd1 a5 29. Qd8+ Kh7 30. Qd3+ f5
31. g4 Kg6 32. gxf5+ exf5 33. Qg3+ Kf7 34. Qd3 g6 35. Qc2 b5 36. a3 b4 37. axb4 axb4 38. Qb3+ Kf6 39. Qxb4 Qe6 40. Qd4+ Kf7
41. Qa7+ Kf6 42. Qd4+ Kf7 43. c4 h5 44. Kg2 Qc6+ 45. Qd5+ Qxd5+ 46. cxd5 Ke7 47. Kf3 g5 48. Ke3 Kd6 49. Kd4 h4 50. b4 h3
51. b5 g4 52. b6 Kd7 53. Ke5
1-0

[Event "THE FAST & FURIOUS #5"]
[Site "SchemingMind.com"]
[Date "2015.07.04"]
[Round "-"]
[White "Scooter"]
[Black "Phillip Beckett"]
[Result "1/2-1/2"]
[WhiteCountry "USA"]
[BlackCountry "ENG"]
[WhiteElo "1712"]
[WhiteRD "45"]
[BlackElo "1589"]
[BlackRD "49"]
[GameID "382836"]

1. d4 d5 2. Nf3 Nf6 3. Bf4 e6 4. e3 c5 5. Bb5+ Bd7 6. Bxd7+ Nbxd7 7. O-O Be7 8. c3 O-O 9. Nbd2 cxd4 10. cxd4 Rc8
11. Rc1 Qb6 12. Rxc8 Rxc8 13. Qb1 Bd6 14. Bxd6 Qxd6 15. Rc1 Qb8 16. Nb3 b6 17. Rxc8+ Qxc8 18. Qc1 Qxc1+ 19. Nxc1 Nb8 20. Ne5 Nfd7=
21. Ncd3 f6 22. Nxd7 Nxd7 23. Nb4 a5 24. Nd3 Kf8 25. a4 Nb8 26. Kf1 Nc6 27. Ke2 Ke7 28. h4 g6 29. g4 h6 30. Kf3 Kd6
31. Kg3 e5 32. dxe5+ Nxe5 33. Nxe5 Kxe5 34. f3 d4 35. Kf2 dxe3+ 36. Kxe3 f5 37. f4+ Kd5 38. gxf5 gxf5 39. Kd3 Kc5 40. Kc3 b5
41. axb5 Kxb5 42. h5 a4 43. Kc2 Kc4 44. Kd2 Kb3 45. Kc1 Kc4=
1/2-1/2

[Event "THE FAST & FURIOUS #5"]
[Site "SchemingMind.com"]
[Date "2015.07.01"]
[Round "-"]
[White "Phillip Beckett"]
[Black "Borgov"]
[Result "0-1"]
[WhiteCountry "ENG"]
[BlackCountry "ENG"]
[WhiteElo "1543"]
[WhiteRD "50"]
[BlackElo "1857"]
[BlackRD "74"]
[GameID "382837"]

1. e4 e6 2. d4 d5 3. Nd2 Nf6 4. exd5 exd5 5. Ngf3 Bd6 6. Bd3 O-O 7. O-O Bg4 8. h3 Bh5 9. c3 c6 10. Qc2 Qc7
11. Ne1 Nbd7 12. g4 Bg6 13. Bxg6 hxg6 14. Nef3 Rae8 15. Nb3 Ne4 16. Be3 f5 17. Nfd2 Bf4 18. Nxe4 fxe4 19. Qd2 g5 20. Rae1 b6
21. Nc1 Nf6 22. Ne2 Nd7 23. Kg2 Re7 24. Qc1 Ref7 25. Qd2 Qd6 26. Qc1 Qh6 27. Ng1 Qh4 28. Bxf4 gxf4 29. f3 Qg3+ 30. Kh1 e3
31. Re2 Nf6 32. Qe1 Qxe1 33. Rfxe1 g5 34. h4 gxh4 35. Nh3 Nd7 36. Kh2 Rh7 37. Kg2 c5 38. Rd1 c4 39. Rh1 Kg7 40. Ng5 Rh6
41. Nh3 Kg6 42. Kf1 Rf7 43. Reh2 Kg7 44. Ke2 Nf8 45. Ng5 Rff6 46. Rxh4 Rxh4 47. Rxh4 Rh6 48. Rxh6 Kxh6 49. Nh3 Ne6 50. g5+ Kg6
51. Kf1 Kf5 52. Ke2 Nxg5 53. Ng1 a5 54. Ke1 b5 55. Ke2 a4 56. a3 Kg6 57. Ke1 Kh5 58. Kf1 Kh4 59. Kg2 Ne6 60. Ne2 Kg5
61. Kh3 Nd8 62. Ng1 Nc6 63. Ne2 Na5 64. Kg2 Nb3 65. Kh3 Na1 66. Kg2 Nc2 67. Kh3 Ne1
0-1

[Event "THE FAST & FURIOUS #5"]
[Site "SchemingMind.com"]
[Date "2015.07.01"]
[Round "-"]
[White "Borgov"]
[Black "Phillip Beckett"]
[Result "1-0"]
[WhiteCountry "ENG"]
[BlackCountry "ENG"]
[WhiteElo "1857"]
[WhiteRD "74"]
[BlackElo "1543"]
[BlackRD "50"]
[GameID "382838"]

1. d4 d5 2. c4 e6 3. Nc3 Nf6 4. cxd5 Nxd5 5. e4 Nxc3 6. bxc3 c5 7. Nf3 cxd4 8. cxd4 Qa5+ 9. Bd2 Bb4 10. Rb1 Bxd2+
11. Qxd2 Qxd2+ 12. Kxd2 b6 13. Bb5+ Bd7 14. Rhc1 Kd8 15. Ne5 Rf8 16. Nc6+ Nxc6 17. Bxc6 Bxc6 18. Rxc6 Kd7 19. Rbc1 Rac8 20. Rxc8 Rxc8
21. Rxc8 Kxc8 22. Kc3 Kc7 23. Kc4 Kc6 24. d5+ exd5+ 25. exd5+ Kd6 26. Kd4 b5 27. f4 a5 28. g4 b4 29. Kc4 f6 30. f5 h6
31. h4 Kc7 32. Kb5 Kd6 33. Kxa5 Kxd5 34. Kxb4 Ke4 35. a4 Kf4 36. a5
1-0

[Event "THE FAST & FURIOUS #5"]
[Site "SchemingMind.com"]
[Date "2015.07.01"]
[Round "-"]
[White "Phillip Beckett"]
[Black "Chessibelle"]
[Result "1-0"]
[WhiteCountry "ENG"]
[BlackCountry "ENG"]
[WhiteElo "1589"]
[WhiteRD "49"]
[BlackElo "1215"]
[BlackRD "58"]
[GameID "382839"]

1. e4 e5 2. Nf3 Nc6 3. Bc4 h6 4. c3 Nf6 5. O-O Be7 6. d4 Nxe4 7. Re1 d5 8. Bd3 f5 9. dxe5 Bc5 10. Be3 Be7
11. Bxe4 fxe4 12. Nd4 Nxe5 13. Qh5+ Nf7 14. Qg6 Rg8 15. Bxh6 Kf8 16. Be3 b6 17. Nf5 Bf6 18. Bd4 c5 19. Bxf6 gxf6 20. Qh7 Bxf5
21. Qxf5 Nd6 22. Qf4 Ke7 23. Nd2 Kd7 24. Qh6 Kc6 25. c4 Qd7 26. cxd5+ Kb5 27. a4+ Ka6 28. Qe3 Rae8 29. Qe2+ Kb7 30. a5 Nb5
31. axb6 a6 32. Ra5 Kxb6 33. Rea1 Qxd5 34. Rxa6+ Kc7 35. Qxb5
1-0

[Event "THE FAST & FURIOUS #5"]
[Site "SchemingMind.com"]
[Date "2015.07.01"]
[Round "-"]
[White "Chessibelle"]
[Black "Phillip Beckett"]
[Result "0-1"]
[WhiteCountry "ENG"]
[BlackCountry "ENG"]
[WhiteElo "1215"]
[WhiteRD "58"]
[BlackElo "1589"]
[BlackRD "49"]
[GameID "382840"]

1. Nf3 Nf6 2. d4 d5 3. Nc3 e6 4. e3 c5 5. Bb5+ Bd7 6. Bd3 Nc6 7. Bd2 Qc7 8. g3 cxd4 9. exd4 Bd6 10. O-O O-O
11. Ng5 h6 12. Nf3 a6 13. Qc1 Rac8 14. Ne2 Nb4 15. Bc3 Nxd3 16. cxd3 Bb5 17. Qe3 Ng4 18. Qd2 Qb6 19. Ne5 Nxe5 20. dxe5 Be7
21. Bd4 Bc5 22. Qe3 Bxd4 23. Nxd4 Bd7 24. Qf4 f6 25. b3 f5 26. Nf3 Bb5 27. Rfd1 Rc2 28. Nd4 Rc7 29. Kg2 Bd7 30. Nf3 Rc2
31. Qh4 Qxf2+ 32. Kh1 Qg2#
0-1

[Event "THE FAST & FURIOUS #5"]
[Site "SchemingMind.com"]
[Date "2015.07.01"]
[Round "-"]
[White "Phillip Beckett"]
[Black "Stephen Woodhouse"]
[Result "0-1"]
[WhiteCountry "ENG"]
[BlackCountry "ENG"]
[WhiteElo "1589"]
[WhiteRD "49"]
[BlackElo "1872"]
[BlackRD "48"]
[GameID "382841"]

1. e4 e6 2. d4 d5 3. Nd2 c5 4. exd5 Qxd5 5. Ngf3 cxd4 6. Bc4 Qd6 7. O-O Nf6 8. Nb3 Nc6 9. Nbxd4 Nxd4 10. Nxd4 a6
11. h3 Qc7 12. Bb3 Bd6 13. Qe2 O-O 14. Bg5 b5 15. c3 Bb7 16. Bxf6 gxf6 17. Bc2 f5 18. Qh5 Kh8 19. Qh6 Rg8 20. Bxf5 Rxg2+
21. Kh1 Rg6+ 22. f3 Rxh6
0-1

[Event "THE FAST & FURIOUS #5"]
[Site "SchemingMind.com"]
[Date "2015.07.01"]
[Round "-"]
[White "Stephen Woodhouse"]
[Black "Phillip Beckett"]
[Result "1-0"]
[WhiteCountry "ENG"]
[BlackCountry "ENG"]
[WhiteElo "1872"]
[WhiteRD "48"]
[BlackElo "1589"]
[BlackRD "49"]
[GameID "382842"]

1. e4 e5 2. Nf3 Nc6 3. d4 exd4 4. Nxd4 Bc5 5. Be3 Qf6 6. c3 Nge7 7. Bc4 Ne5 8. Be2 N7c6 9. O-O Bb6 10. Nd2 Nxd4
11. Bxd4 Bxd4 12. cxd4 Ng6 13. Nf3 d6 14. Rc1 Nf4 15. Rxc7 Nxe2+ 16. Qxe2 O-O 17. Rfc1 Bg4 18. Rxb7 Bxf3 19. Qxf3 Qxd4 20. h3 Qxb2
21. Rxb2
1-0

[Event "THE FAST & FURIOUS #5"]
[Site "SchemingMind.com"]
[Date "2015.07.01"]
[Round "-"]
[White "Phillip Beckett"]
[Black "Ramesh Panwar"]
[Result "0-1"]
[WhiteCountry "ENG"]
[BlackCountry "IND"]
[WhiteElo "1589"]
[WhiteRD "49"]
[BlackElo "2393"]
[BlackRD "58"]
[GameID "382843"]

1. e4 c5 2. Nf3 d6 3. d4 cxd4 4. Nxd4 Nf6 5. Nc3 g6 6. Be3 Bg7 7. f3 O-O 8. Qd2 Nc6 9. O-O-O d5 10. Nxc6 bxc6
11. exd5 cxd5 12. Nxd5 Nxd5 13. Qxd5 Qc7 14. Bd4 Bf5 15. Qc5 Qf4+ 16. Be3 Qa4 17. Qc4 Qa5 18. Bd2 Qb6 19. Qb3 Rfc8 20. c3 Qa5
21. Bf4 Bxc3 22. Bc4 Be5 23. Bxe5 Qxe5 24. Rhe1 Qf4+ 25. Qe3 Rxc4+
0-1

[Event "THE FAST & FURIOUS #5"]
[Site "SchemingMind.com"]
[Date "2015.07.01"]
[Round "-"]
[White "Ramesh Panwar"]
[Black "Phillip Beckett"]
[Result "1-0"]
[WhiteCountry "IND"]
[BlackCountry "ENG"]
[WhiteElo "2393"]
[WhiteRD "58"]
[BlackElo "1589"]
[BlackRD "49"]
[GameID "382844"]

1. d4 d5 2. c4 e6 3. Nf3 Nf6 4. Nc3 Be7 5. Bg5 h6 6. Bh4 O-O 7. e3 Ne4 8. Bxe7 Qxe7 9. Rc1 Nxc3 10. Rxc3 dxc4
11. Bxc4 c6 12. O-O Nd7 13. Qc2 e5 14. d5 cxd5 15. Bxd5 Nb6 16. Rc7 Qd6 17. Bxb7 Bxb7 18. Rxb7 Qd5 19. Re7 Rac8 20. Qb1 Nc4
21. b3 Nd2 22. Nxd2 Qxd2 23. Rxa7 Rc2 24. a4 Rb2 25. Qc1 Qxc1 26. Rxc1 Rxb3 27. g3 Rb2 28. Kg2 Rd8 29. Rcc7 Rdd2 30. Rxf7 Kh8
31. h4 Kg8 32. Rxg7+ Kh8 33. Rgf7 Kg8 34. a5
1-0